<?xml version="1.0" encoding="UTF-8"?><?xml-stylesheet type="text/xsl" href="static/style.xsl"?><OAI-PMH xmlns="http://www.openarchives.org/OAI/2.0/" xmlns:xsi="http://www.w3.org/2001/XMLSchema-instance" xsi:schemaLocation="http://www.openarchives.org/OAI/2.0/ http://www.openarchives.org/OAI/2.0/OAI-PMH.xsd"><responseDate>2026-04-18T01:26:42Z</responseDate><request verb="GetRecord" identifier="oai:www.recercat.cat:10230/44044" metadataPrefix="marc">https://recercat.cat/oai/request</request><GetRecord><record><header><identifier>oai:recercat.cat:10230/44044</identifier><datestamp>2025-12-21T20:48:01Z</datestamp><setSpec>com_2072_6</setSpec><setSpec>col_2072_452954</setSpec></header><metadata><record xmlns="http://www.loc.gov/MARC21/slim" xmlns:dcterms="http://purl.org/dc/terms/" xmlns:xsi="http://www.w3.org/2001/XMLSchema-instance" xmlns:doc="http://www.lyncode.com/xoai" xsi:schemaLocation="http://www.loc.gov/MARC21/slim http://www.loc.gov/standards/marcxml/schema/MARC21slim.xsd">
   <leader>00925njm 22002777a 4500</leader>
   <datafield ind2=" " ind1=" " tag="042">
      <subfield code="a">dc</subfield>
   </datafield>
   <datafield ind2=" " ind1=" " tag="720">
      <subfield code="a">González Solà, Laia</subfield>
      <subfield code="e">author</subfield>
   </datafield>
   <datafield ind2=" " ind1=" " tag="260">
      <subfield code="c">2020-03-26T12:32:41Z</subfield>
   </datafield>
   <datafield ind2=" " ind1=" " tag="260">
      <subfield code="c">2020-03-26T12:32:41Z</subfield>
   </datafield>
   <datafield ind2=" " ind1=" " tag="260">
      <subfield code="c">2019</subfield>
   </datafield>
   <datafield ind2=" " ind1=" " tag="520">
      <subfield code="a">Treball de fi de grau en Publicitat i Relacions Públiques</subfield>
   </datafield>
   <datafield ind2=" " ind1=" " tag="520">
      <subfield code="a">Tutor: Manel Palencia-Lefler Ors</subfield>
   </datafield>
   <datafield ind2=" " ind1=" " tag="520">
      <subfield code="a">El pla estratègic de reposicionament de La Concòrdia parteix de la creació de la nova imatge de marca de la cooperativa aprofitant el canvi de la seva oferta: fruites i verdures de temporada i proximitat sense tractar. A través d&amp;apos;una extensa fase d&amp;apos;investigació sobre les tendències alimentàries contemporànies relacionades amb la salut i el medi ambient, es detecta un abús comunicatiu a l&amp;apos;hora de fer ús de termes com biològic, ecològic, orgànic, etc.; fet que porta a la pèrdua de valor del seu significat. En conseqüència, la campanya de rebranding de La Concòrdia es desenvolupa a través de l’humor i l’actitud crítica basada en la reeducació i conscienciació de la comunitat de Barcelona, especialment de les famílies joves del barri, i posicionar la marca des de l&amp;apos;estratègia inversa fent una crida directa a la transparència, la naturalitat, el respecte i la qualitat de marca.</subfield>
   </datafield>
   <datafield ind2=" " ind1=" " tag="520">
      <subfield code="a">The repositioning strategic plan of La Concòrdia departs from the&#xd;
creation of the brand&amp;apos;s new image of the cooperative using the change of its&#xd;
supply: season&amp;apos;s fruits and vegetables of proximity and without treating.&#xd;
Through a wide investigation phase about the contemporary food trends related&#xd;
to the health and the environment, a communicative abuse it is detected when it&#xd;
comes to use some terms as biologic, ecologic, organic, etc.; fact that leads to&#xd;
the value loss of its real meaning. As a consequence, the campaign of branding&#xd;
of La Concòrdia it is developed through humour and a critical attitude based on&#xd;
the re-education and awareness of Barcelona&amp;apos;s community, especially of the&#xd;
neighbourhood&amp;apos;s young families, and positioning the brand from the inverse&#xd;
strategy doing a direct call to the transparency, the neutrality, the respect and&#xd;
the quality of the brand</subfield>
   </datafield>
   <datafield tag="653" ind2=" " ind1=" ">
      <subfield code="a">Posicionament</subfield>
   </datafield>
   <datafield tag="653" ind2=" " ind1=" ">
      <subfield code="a">estratègia</subfield>
   </datafield>
   <datafield tag="653" ind2=" " ind1=" ">
      <subfield code="a">planificació</subfield>
   </datafield>
   <datafield tag="653" ind2=" " ind1=" ">
      <subfield code="a">meta</subfield>
   </datafield>
   <datafield tag="653" ind2=" " ind1=" ">
      <subfield code="a">client potencial</subfield>
   </datafield>
   <datafield tag="653" ind2=" " ind1=" ">
      <subfield code="a">concepte creatiu</subfield>
   </datafield>
   <datafield tag="653" ind2=" " ind1=" ">
      <subfield code="a">campanya</subfield>
   </datafield>
   <datafield tag="653" ind2=" " ind1=" ">
      <subfield code="a">cooperativa</subfield>
   </datafield>
   <datafield tag="653" ind2=" " ind1=" ">
      <subfield code="a">fruita i verdura</subfield>
   </datafield>
   <datafield tag="653" ind2=" " ind1=" ">
      <subfield code="a">ecològica</subfield>
   </datafield>
   <datafield tag="653" ind2=" " ind1=" ">
      <subfield code="a">sostenible</subfield>
   </datafield>
   <datafield tag="653" ind2=" " ind1=" ">
      <subfield code="a">medi ambient</subfield>
   </datafield>
   <datafield tag="653" ind2=" " ind1=" ">
      <subfield code="a">La Concòrdia</subfield>
   </datafield>
   <datafield ind2="0" ind1="0" tag="245">
      <subfield code="a">Pla estratègic de resposicionament de la cooperativa La Concòrdia</subfield>
   </datafield>
</record></metadata></record></GetRecord></OAI-PMH>